| 000 | 00531 a2200145 4500 | ||
|---|---|---|---|
| 245 |
_aKing Lear, 1858 _hprint |
||
| 020 | _a0719121604 | ||
| 100 | _awIILIAM sHAKESPEARE | ||
| 650 | _aENGLISH LITERATURE | ||
| 005 | 20191021095351.0 | ||
| 260 |
_aenk _bCornmarket Press _c1970 |
||
| 084 | _aPR2819.A2 K4 1858a | ||
| 300 |
_a[6], 90 p. 20 cm. _b[6], 90 p. 20 cm. _c[6], 90 p. 20 cm. |
||
| 500 | _a[by William Shakespeare, arranged for representation at the Princess's Theatre with historical and explanatory notes by] Charles Kean. | ||
| 999 |
_c12151 _d12151 |
||